Responses for show #6118 - Wednesday, March 30, 2011

Contestants

[<< previous game]

Paul Cheng, a graduate student of English from Walnut, California

Ellen Dickens, an adult education director from Newcastle, Maine

Ted Sitting Crow Garner, a sculptor and writer from Chicago, Illinois (whose 1-day cash winnings total $2,500)

[next game >>]

Jeopardy! Round responses

A DICKENSIAN NIGHTMARE
(Alex: You have to name the novel that would've inspired our clue.)
UNIVERSITY SPORTS TEAMS
"GENERAL" JOB INFORMATION
BATTLE TO NAME THE WAR
MAGAZINE FEATURES
3-LETTER ABBREV.
    $200 7
Bleak House

Ellen
    $200 8
Alabama

Ted
    $200 6
Attorney General

Paul
    $200 1
World War II

Ellen
    $200 16
Sports Illustrated

Paul
    $200 21
a point of view

Paul
    $400 12
Great Expectations

Paul
    $400 9
the Nittany Lions

Ellen
    $400 26
postmaster general

Ellen
    $400 2
the Vietnam War

Ted
    $400 17
The New Yorker

Paul
    $400 22
date of birth

Ted
    $600 13
Oliver Twist

Paul
    $600 10
the (Runnin') Rebels

Ted
    $600 27
(Paul: What is a--lieutenant general?)
...
(Alex: [Gesturing rising levels] [*], major, lieutenant, full general.)

brigadier general

Paul
Triple Stumper
    $600 3
(Ted: What is the French and Indian War?)

the Revolutionary War

TedEllen
    $600 18
Vanity Fair

Paul
    $600 23
Latter Day Saints

Ellen
    $800 14
(Ted: Uh, ooh. What is, um, Oliver Twist?)
(Ellen: What is Nicholas Nickleby?)

David Copperfield

TedEllen
Triple Stumper
    $800 11
the (Florida State) Seminoles

Paul
    $800 29
the Secretary-General

Ted
    $800 4
the Korean War

Ted
    $800 19
People

Paul
    $800 24
adjusted gross income

Ellen
    $1000 15
The Mystery of Edwin Drood

Paul
    $1000 28
(Alex: You're cleaning up on these $1,000 clues.)
(Ted: Whew. Well, it helps.)

the Bulldogs

Ted
    $1,800 30
the Surgeon General

Ted
    $1000 5
the War of the Roses

Ted
    $1000 20
National Geographic

Ted
    $1000 25
the League of Women Voters

Ted

Scores at the first commercial break (after clue 15):

Ted Ellen Paul
$1,600 $600 $3,000

Scores at the end of the Jeopardy! Round:

Ted Ellen Paul
$7,600 $2,400 $4,600

Double Jeopardy! Round responses

BIBLICAL PEOPLE & PLACES
PHILMOGRAPHIES
ARTISTS' RETREATS
GET SMART
U.S. GEOGRAPHY
"CH"ILL OUT!
    $400 26
Abraham

Ellen
    $400 3
Phil Hartman

Ellen
    $400 1
The Godfather

Ted
    $400 7
an egg

Ellen
    $400 21
(Alex: Brrr 'cause it's cold in [*].)

Alaska

Triple Stumper
    $400 16
children

Ted
    $5,000 27
Babylon

Ellen
    $800 12
Phil Silvers

Ellen
    $800 2
Edward Albee

Paul
    $800 8
drank alcohol

Ted
    $800 22
Concord

Ellen
    $800 17
Chattanooga

Ted
    $1200 28
Elijah

Ellen
    $1200 13
Phil Collins

Paul
    $2,800 4
Taos, New Mexico

Ellen
    $1200 9
(Ted: What is praying?)
(Paul: What is chant?)

meditate

TedEllenPaul
    $1200 23
the Missouri

Ted
    $1200 18
chopsticks

Paul
    $1600 29
(Ted: What is Ephesus?)

Corinth

Ted
Triple Stumper
    $1600 14
Philip Seymour Hoffman

Paul
    $1600 5
Millay

Triple Stumper
    $1600 10
insulin

Ellen
    $1600 24
Galveston Bay

Ellen
    $1600 19
chicken scratches

Paul
    $2000 30
the Beatitudes

Paul
    $2000 15
Philip Kaufman

Paul
    $2000 6
Chicago

Ted
    $2000 11
Mozart

Paul
    $2000 25
Mt. Mitchell

Triple Stumper
    $2000 20
chock

Ted

Scores at the end of the Double Jeopardy! Round:

Ted Ellen Paul
$12,400 $18,600 $15,800

[wagering suggestions for these scores]

Final Jeopardy! Round responses

INFLUENTIAL 19th CENTURY THINKERS
(Alex: Why am I not surprised that he got into a fight with an aristocrat?)
TedWho is Karl Marx? Nietchze
$12,398
PaulWho was Hegel?
$4,200
EllenWho is Marx?
$3,100
Karl Marx

Final scores:

Ted Ellen Paul
$2 $21,700 $11,600
3rd place: $1,000 New champion: $21,700 2nd place: $2,000

Game dynamics:

Coryat scores:

Ted Ellen Paul
$11,600 $12,800 $15,800
18 R
(including 1 DD),
4 W
18 R
(including 2 DDs),
1 W
18 R,
2 W

Combined Coryat: $40,200

The J! Archive is created by fans, for fans. The Jeopardy! game show and all elements thereof, including but not limited to copyright and trademark thereto, are the property of Jeopardy Productions, Inc. and are protected under law. This website is not affiliated with, sponsored by, or operated by Jeopardy Productions, Inc. Join the discussion at JBoard.tv.